| 000 | 00491nam a2200193Ia 4500 | ||
|---|---|---|---|
| 008 | 210417s9999 xx 000 0 und d | ||
| 020 | _a9780241255971 | ||
| 020 | _b024125597X | ||
| 082 | _a641.302 HUN | ||
| 082 | _b22.641.302 HUN | ||
| 245 | 0 | _aSuper Clean Super Foods | |
| 245 | 0 | _cSuper Clean Super Foods | |
| 250 | _b224p. ; 24cm . ; pbk. | ||
| 260 | _aLondon | ||
| 260 | _bDK | ||
| 260 | _c2017 | ||
| 700 | _a"Hunte,Fiona " | ||
| 700 | _bFiona Hunter and Caroline Bretherton | ||
| 999 |
_c483312 _d483312 |
||